000 00618aas a2200181 4500
999 _c50070
_d50070
001 768714001
003 CO-MdFUSB
005 20170906094517.0
008 170906s1989 ag ||||| |||| 00| 0 spa d
022 _a0326-6737
040 _aCO-MdFUSB
_bspa
_cCO-MdFUSB
_dCO-MdFUSB
041 _aspa
100 1 _aMíguez, Néstor O.
_eautor
245 1 0 _aLa ética cristiana :
_buna opción contrahegemónica
_c/ Míguez, Néstor O.
300 _aVolumen 10. Número 2 (1989), páginas 15-25
_c: 23 cm.
773 0 _tCuadernos de Teología
_049404
_959712
_gVolumen 10. Número 2 (1989), páginas 15-25
_qPágina 15
942 _cANA